|
|
|
|
| LEADER |
00000cas a2200000 a 4500 |
| 001 |
vtls001332841 |
| 003 |
SK-MaSNL |
| 005 |
20260228155650.0 |
| 008 |
980601d19471950xo mr|p 0 0c0ukr c |
| 035 |
|
|
|a SNK000285750
|
| 040 |
|
|
|a SNK
|b slo
|c SNK
|d SVKPO
|d SNK
|e AACR2
|
| 041 |
0 |
|
|a ukr
|a rus
|
| 044 |
|
|
|a xo
|c SK
|
| 072 |
|
7 |
|a 82
|x Literatúra. Literárny život
|2 konspekt
|
| 072 |
|
7 |
|a 82-93
|x Literatúra pre deti a mládež (o nej)
|2 konspekt
|
| 080 |
|
|
|a (051.053.2)
|2 2001
|
| 080 |
|
|
|a 050
|2 2001
|
| 080 |
|
|
|a 82
|2 2001
|
| 080 |
|
|
|a 82-93
|2 2001
|
| 245 |
0 |
0 |
|a Kolokol'čik - Dzvinočok
|b ježemesjačnyj pionerskij žurnal CK SMK
|
| 260 |
|
|
|a Prjašev
|b Central'nyj Komitet Sojuza Molodeži Karpat
|c 1947-1950
|
| 300 |
|
|
|a 3 zv.
|c 22-27 cm
|
| 310 |
|
|
|a 1x mesačne
|
| 362 |
0 |
|
|a No. 1 (1947)-no. 10 (1950)
|
| 500 |
|
|
|a Red.: Josyf M. Sopko
|
| 500 |
|
|
|a Od roč. 2 zmena formátu na 22 cm
|
| 650 |
0 |
7 |
|a literatúra
|2 SNKPH
|9 1427
|
| 650 |
0 |
7 |
|a literatúra pre deti a mládež
|2 SNKPH
|9 21893
|
| 655 |
|
7 |
|a časopisy pre deti
|2 SNKPH
|9 114921
|
| 655 |
|
7 |
|a časopisy národnostných menšín
|2 SNKPH
|9 125411
|
| 700 |
1 |
|
|a Sopko, Jozef
|d 1914-2000
|4 red
|9 265110
|
| 752 |
|
|
|a Slovensko
|d Prešov
|
| 770 |
0 |
|
|t Dzvinočok
|w vtls010301208
|
| 910 |
|
|
|a svkpo
|
| 910 |
|
|
|a snk
|
| 916 |
|
|
|a 1947-1950
|
| 999 |
|
|
|c 135
|d 135
|
| 952 |
|
|
|0 0
|1 0
|4 0
|7 0
|a SNK
|b SNK
|d 2015-03-13
|f 1
|i snk1277/50
|l 0
|o snkČSD 26/3/1949-1950
|p 17A0728979
|r 2026-02-21 19:32:58
|t č. 1-10
|w 2026-02-21
|y PREZ
|
| 952 |
|
|
|0 0
|1 0
|4 0
|7 0
|a SNK
|b SNK
|d 1998-06-01
|l 0
|o snkČSD 26/2/1948/49
|p 17A0142224
|r 2005-01-02 00:00:00
|t P60, <06>, [BOOK], {606}
|w 2026-02-21
|y PREZ
|
| 952 |
|
|
|0 0
|1 0
|4 0
|7 0
|a SNK
|b SNK
|d 2015-03-13
|f 1
|i snk1373/50
|l 0
|o snkČSD 26/2/1948-1949
|p 17A0728978
|r 2026-02-21 21:02:40
|t č. 1-10
|w 2026-02-21
|y PREZ
|
| 952 |
|
|
|0 0
|1 0
|4 0
|7 0
|a SNK
|b SNK
|d 1998-06-01
|f 1
|i snk1374/50
|l 0
|o snkČSD 26/1/1947-1948
|p 17A0142520
|r 2005-01-02 00:00:00
|t č. 1-10, neúpl.
|w 2026-02-21
|y PREZ
|z chýba č. 1-4,9
|